Komentár k novelizáciám zákona o daniach z príjmov účinným od 1.1.2001

Zákonom č. 358/2000 Z.z. a zákonom č. 466/2000 Z.z. boli s účinnosťou od 1.1.2001 vykonané zásadné zmeny zákona č. 366/1999 Z.z. o daniach z príjmov. Podrobný odborný komentár k novelizovaným ustanoveniam zákona.

Uložené v:
Podrobná bibliografia
Hlavný autor: Zubaľová, Alena, 1959-
Médium: Kapitola
Jazyk:Slovak
Predmet:
Tagy: Pridať tag
Žiadne tagy, Buďte prvý, kto otaguje tento záznam!

MARC

LEADER 00000naa a2200000 4500
001 r041102
005 20230926083637.5
041 0 |a slo 
044 |a SK 
245 1 0 |a Komentár k novelizáciám zákona o daniach z príjmov účinným od 1.1.2001  |c Alena Zubaľová 
520 |a Zákonom č. 358/2000 Z.z. a zákonom č. 466/2000 Z.z. boli s účinnosťou od 1.1.2001 vykonané zásadné zmeny zákona č. 366/1999 Z.z. o daniach z príjmov. Podrobný odborný komentár k novelizovaným ustanoveniam zákona. 
610 2 0 |a dane z príjmov 
610 2 0 |a dane z príjmov 
610 2 0 |a osoby fyzické 
610 2 0 |a osoby právnické 
610 2 0 |a zákony 
610 2 0 |a novelizácia 
610 2 0 |a Slovensko 
610 2 0 |a komentáre 
610 2 0 |a 1999-2000 
100 1 |a Zubaľová, Alena, 1959-